[Event "Palma de Mallorca op U2200"]
[Site "Palma de Mallorca"]
[Date "2013.01.16"]
[Round "5"]
[White "Valls Casas, Jordi"]
[Black "Nadal Tur, Antonio"]
[Result "1-0"]
[WhiteElo "2030"]
[BlackElo "1706"]
[PlyCount "58"]
[EventDate "2013.01.12"]
[EventType "swiss"]
[EventRounds "9"]
[EventCountry "ESP"]
[SourceTitle "EXT 2014"]
[Source "ChessBase"]
[SourceDate "2013.11.20"]
[SourceVersion "1"]
[SourceVersionDate "2013.11.20"]
[SourceQuality "1"]

1. d4 Nf6 2. Nf3 c5 3. d5 b5 4. c4 g6 5. cxb5 a6 6. bxa6 Bxa6 7. Nc3 d6 8. g3 Bg7 9. e4 Bxf1 10. Kxf1 Nbd7 11. h3 0-0 12. Kg2 Ra6 13. Re1 Qa8 14. a4 Rb8 15. Qc2 c4 16. Nd4 Nc5 17. Ncb5 Rc8 18. Nc6 Kf8 19. Qxc4 Nxa4 20. Nc3 Nc5 21. Rxa6 Nxa6 22. b4 Nd7 23. Bf4 Ne5 24. Bxe5 Bxe5 25. Ra1 Qb7 26. Rxa6 Bxc3 27. Qxc3 Kg8 28. Nxe7+ Qxe7 29. Qxc8+ Kg7 1-0

[Event "Mallorca-chT Preferente"]
[Site "Palma de Mallorca"]
[Date "2012.03.10"]
[Round "6.3"]
[White "Florit Mulet, Miguel"]
[Black "Valls Casas, Jordi"]
[Result "0-1"]
[WhiteElo "1790"]
[BlackElo "2038"]
[PlyCount "80"]
[EventDate "2012.01.28"]
[EventType "team"]
[EventRounds "9"]
[EventCountry "ESP"]
[SourceTitle "EXT 2014"]
[Source "ChessBase"]
[SourceDate "2013.11.20"]
[SourceVersion "1"]
[SourceVersionDate "2013.11.20"]
[SourceQuality "1"]
[WhiteTeam "Inca"]
[BlackTeam "Dimonis Algaida"]
[WhiteTeamCountry "ESP"]
[BlackTeamCountry "ESP"]

1. d4 d5 2. c4 c6 3. Nf3 e6 4. Nc3 f5 5. g3 Nf6 6. Bg2 Bd6 7. 0-0 0-0 8. b3 Nbd7 9. Qc2 Ne4 10. Ne1 Qe8 11. f3 Nxc3 12. Qxc3 Nf6 13. Nd3 Bd7 14. Bf4 Be7 15. Rfe1 a5 16. a3 Qh5 17. Bc7 a4 18. b4 dxc4 19. Qxc4 Nd5 20. Be5 b5 21. Qc1 Rac8 22. e4 fxe4 23. fxe4 Bg5 24. Bf4 Nxf4 25. gxf4 Bf6 26. e5 Be7 27. Qe3 g5 28. Qg3 Kh8 29. Re4 Be8 30. fxg5 Bg6 31. Nf4 Qxg5 32. Qxg5 Bxg5 33. Nxg6+ hxg6 34. h4 Bh6 35. Rf1 Rxf1+ 36. Kxf1 Bc1 37. Rg4 Bxa3 38. Rxg6 Bxb4 39. Rxe6 a3 40. Bxc6 a2 0-1

[Event "ESP-ch 74th"]
[Site "Palma de Mallorca"]
[Date "2009.10.02"]
[Round "7"]
[White "Valls Casas, Jordi"]
[Black "Galiana Salom, Juan Ramon"]
[Result "0-1"]
[WhiteElo "2094"]
[BlackElo "2216"]
[PlyCount "76"]
[EventDate "2009.09.26"]
[EventType "swiss"]
[EventRounds "9"]
[EventCountry "ESP"]
[SourceTitle "CBM 132 Extra"]
[Source "ChessBase"]
[SourceDate "2009.11.03"]
[SourceVersion "1"]
[SourceVersionDate "2009.11.03"]
[SourceQuality "1"]

1. d4 Nf6 2. Nf3 c5 3. d5 b5 4. c4 g6 5. cxb5 a6 6. bxa6 Bxa6 7. Nc3 d6 8. e4 Bxf1 9. Kxf1 Bg7 10. g3 Nbd7 11. h3 0-0 12. Kg2 Ra6 13. Re1 Qa8 14. a4 Rb8 15. Rb1 e6 16. Bg5 exd5 17. Bxf6 Nxf6 18. exd5 h6 19. g4 Rb4 20. Qe2 Rab6 21. Qe7 Rf4 22. g5 Bf8 23. Qe3 hxg5 24. Nxg5 Rf5 25. f4 Rb4 26. Rbd1 Rxb2+ 27. Kg1 Nh5 28. Rf1 Rb4 29. Nge4 Qd8 30. a5 Qxa5 31. Ra1 Qd8 32. Ra7 Bg7 33. Kh1 Qe8 34. Re1 Bxc3 35. Nxc3 Qxe3 36. Rxe3 Rbxf4 37. Re8+ Kg7 38. Ne4 Rxe4 0-1

[Event "ESP-ch 74th"]
[Site "Palma de Mallorca"]
[Date "2009.10.01"]
[Round "6"]
[White "Moreno Mateos, Jose Luis"]
[Black "Valls Casas, Jordi"]
[Result "0-1"]
[WhiteElo "1908"]
[BlackElo "2094"]
[PlyCount "90"]
[EventDate "2009.09.26"]
[EventType "swiss"]
[EventRounds "9"]
[EventCountry "ESP"]
[SourceTitle "CBM 132 Extra"]
[Source "ChessBase"]
[SourceDate "2009.11.03"]
[SourceVersion "1"]
[SourceVersionDate "2009.11.03"]
[SourceQuality "1"]

1. e4 c6 2. d4 d5 3. Nd2 dxe4 4. Nxe4 Bf5 5. Nc5 b6 6. Nb3 e6 7. Nf3 Bd6 8. g3 Nd7 9. Bg2 Rc8 10. Nh4 Ne7 11. 0-0 0-0 12. Bg5 f6 13. Bd2 e5 14. f4 exf4 15. Nxf5 Nxf5 16. Qg4 g6 17. Bxf4 Bxf4 18. Rxf4 Ng7 19. Re1 f5 20. Qe2 Nf6 21. Rff1 Kh8 22. c4 a5 23. Qd2 Qd6 24. c5 bxc5 25. Nxc5 Rb8 26. Rd1 Rfd8 27. Qxa5 Rxb2 28. Qc3 Rdb8 29. a4 Nd5 30. Bxd5 Qxd5 31. Qf3 Qa2 32. Rf2 Rxf2 33. Qxf2 Rb2 34. Qf3 Rxh2 35. Rf1 Rh5 36. Rf2 Qa1+ 37. Rf1 Qxd4+ 38. Kg2 Qxc5 39. Re1 Qc2+ 40. Re2 Qxa4 41. Qd3 h6 42. Re7 Qa2+ 43. Kg1 Qa1+ 44. Kf2 Rh2+ 45. Kf3 Qb2 0-1

[Event "ESP-ch 74th"]
[Site "Palma de Mallorca"]
[Date "2009.09.30"]
[Round "5"]
[White "Valls Casas, Jordi"]
[Black "Shen, Yue"]
[Result "1-0"]
[WhiteElo "2094"]
[BlackElo "1791"]
[PlyCount "43"]
[EventDate "2009.09.26"]
[EventType "swiss"]
[EventRounds "9"]
[EventCountry "ESP"]
[SourceTitle "CBM 132 Extra"]
[Source "ChessBase"]
[SourceDate "2009.11.03"]
[SourceVersion "1"]
[SourceVersionDate "2009.11.03"]
[SourceQuality "1"]

1. d4 Nf6 2. c4 g6 3. Nc3 Bg7 4. e4 d6 5. Nf3 0-0 6. h3 Nc6 7. Be3 e5 8. d5 Ne7 9. c5 dxc5 10. Bxc5 Nd7 11. Ba3 f5 12. d6 cxd6 13. Bxd6 Nf6 14. Ng5 Bh6 15. Qb3+ Kh8 16. Nf7+ Rxf7 17. Qxf7 Qxd6 18. Rd1 Qc7 19. Qxf6+ Bg7 20. Qf7 a6 21. Qe8+ Ng8 22. Rd8 1-0

[Event "ESP-ch 74th"]
[Site "Palma de Mallorca"]
[Date "2009.09.29"]
[Round "4"]
[White "Valls Casas, Jordi"]
[Black "Zhou, Tai Long"]
[Result "0-1"]
[WhiteElo "2094"]
[BlackElo "1818"]
[PlyCount "82"]
[EventDate "2009.09.26"]
[EventType "swiss"]
[EventRounds "9"]
[EventCountry "ESP"]
[SourceTitle "CBM 132 Extra"]
[Source "ChessBase"]
[SourceDate "2009.11.03"]
[SourceVersion "1"]
[SourceVersionDate "2009.11.03"]
[SourceQuality "1"]

1. d4 Nf6 2. Nf3 d5 3. g3 c5 4. dxc5 Qa5+ 5. c3 Qxc5 6. Bg2 Bf5 7. 0-0 e6 8. Nd4 Be4 9. Nb3 Qc7 10. f3 Qb6+ 11. Kh1 Bg6 12. Bg5 Nbd7 13. N1d2 h6 14. Bh4 Bh7 15. g4 g5 16. Bf2 Qc7 17. Nd4 h5 18. Bg3 e5 19. Qa4 a6 20. Nf5 Bxf5 21. gxf5 h4 22. Bxe5 Qxe5 23. f4 gxf4 24. Nf3 Qc7 25. Nd4 Bd6 26. Rad1 0-0-0 27. b4 Nb6 28. Qb3 Ng4 29. Nc2 Rhe8 30. Rd2 Nxh2 31. Rfd1 Ng4 32. Kg1 h3 33. Bxd5 h2+ 34. Kg2 Ne3+ 35. Nxe3 Rxe3 36. Bf3 Rxc3 37. Qb1 f6 38. Rd3 Rg8+ 39. Kf2 Rxd3 40. Qxd3 Bxb4 41. Bg2 Qc5+ 0-1

[Event "Calvia Amateur op 5th"]
[Site "Calvia"]
[Date "2008.10.11"]
[Round "2"]
[White "Hutchinson, Paul A"]
[Black "Valls Casas, Jordi"]
[Result "1-0"]
[WhiteElo "2213"]
[BlackElo "2091"]
[PlyCount "41"]
[EventDate "2008.10.10"]
[EventType "swiss"]
[EventRounds "9"]
[EventCountry "ESP"]
[SourceTitle "CBM 126 Extra"]
[Source "ChessBase"]
[SourceDate "2008.11.05"]
[SourceVersion "1"]
[SourceVersionDate "2008.11.05"]
[SourceQuality "1"]

1. e4 c6 2. d3 d5 3. Nd2 e5 4. Ngf3 Bd6 5. g3 Bg4 6. h3 Be6 7. Bg2 h6 8. Qe2 Nd7 9. d4 Qe7 10. dxe5 Nxe5 11. Nd4 dxe4 12. Nxe6 Qxe6 13. Nxe4 Be7 14. 0-0 Rd8 15. Re1 Qc4 16. Qxc4 Nxc4 17. Nc5 Nd6 18. Bf4 Kf8 19. Rad1 b6 20. Bxd6 Bxd6 21. Nb7 1-0

[Event "Calvia op 2nd"]
[Site "Calvia"]
[Date "2005.10.23"]
[Round "4"]
[White "Valls Casas, Jordi"]
[Black "Larino Nieto, David"]
[Result "0-1"]
[WhiteElo "2071"]
[BlackElo "2325"]
[PlyCount "86"]
[EventDate "2005.10.21"]
[EventType "swiss"]
[EventRounds "9"]
[EventCountry "ESP"]
[SourceTitle "EXT 2006"]
[Source "ChessBase"]
[SourceDate "2005.11.24"]
[SourceVersion "1"]
[SourceVersionDate "2005.11.24"]
[SourceQuality "1"]

1. d4 Nf6 2. c4 g6 3. Nc3 Bg7 4. e4 d6 5. Nf3 0-0 6. h3 c5 7. d5 e6 8. Bd3 exd5 9. cxd5 b5 10. Nxb5 Nxe4 11. 0-0 a6 12. Na3 Nf6 13. Nc4 Ra7 14. Bg5 Bb7 15. Ne3 h6 16. Bh4 Qb6 17. Nc4 Qc7 18. Qd2 Bxd5 19. Bxf6 Bxf6 20. Qxh6 Bxf3 21. gxf3 d5 22. Ne3 Qd8 23. Qf4 Rd7 24. Rfe1 c4 25. Bc2 Bxb2 26. Rab1 Bg7 27. Qg4 Nc6 28. Nf5 gxf5 29. Qxf5 Re8 30. Kh1 Rxe1+ 31. Rxe1 Nd4 32. Qh7+ Kf8 33. Ba4 Re7 34. Rg1 f6 35. Rg4 Nxf3 36. h4 Qd6 37. Kg2 Ne1+ 38. Kf1 Qe6 39. Rg3 Nd3 40. Kg2 Nf4+ 41. Kh2 Qe2 42. Rxg7 Qxf2+ 43. Kh1 Re1+ 0-1

[Event "Calvia U2300 opB"]
[Site "Mallorca"]
[Date "2004.10.22"]
[Round "2"]
[White "Mora Menezo, Jesus Manuel"]
[Black "Valls Casas, Jordi"]
[Result "1/2-1/2"]
[WhiteElo "2237"]
[BlackElo "2041"]
[PlyCount "83"]
[EventDate "2004.10.22"]
[EventType "swiss"]
[EventRounds "9"]
[EventCountry "ESP"]
[SourceTitle "EXT 2005"]
[Source "ChessBase"]
[SourceDate "2004.11.15"]
[SourceVersion "1"]
[SourceVersionDate "2004.11.15"]
[SourceQuality "1"]

1. e4 c6 2. d4 d5 3. exd5 cxd5 4. c4 Nf6 5. Nc3 Nc6 6. Bg5 Qa5 7. Nf3 Ne4 8. Bd2 Nxd2 9. Qxd2 e6 10. cxd5 exd5 11. Bb5 Bb4 12. Qe3+ Be6 13. 0-0 0-0 14. Bd3 h6 15. Rfe1 Rac8 16. Rac1 a6 17. Bb1 Ne7 18. Nh4 Qb6 19. a3 Bxc3 20. bxc3 Rfe8 21. f4 Bd7 22. Qd3 g6 23. Qd2 Qf6 24. Nf3 Bf5 25. Ne5 h5 26. h3 b5 27. Bxf5 Nxf5 28. Nd3 Ng3 29. Nc5 Ne4 30. Nxe4 Rxe4 31. Rxe4 dxe4 32. a4 Rc4 33. axb5 axb5 34. d5 Qd6 35. f5 gxf5 36. Qg5+ Qg6 37. Qd8+ Kg7 38. d6 Qf6 39. Qb8 Rxc3 40. Rxc3 Qxc3 41. Qxb5 Qd4+ 42. Kf1 1/2-1/2

[Event "Binissalem op 17th"]
[Site "Binissalem"]
[Date "2004.10.02"]
[Round "1"]
[White "Valls Casas, Jordi"]
[Black "Rohl Montes, Juan Armando"]
[Result "0-1"]
[WhiteElo "2401"]
[BlackElo "2390"]
[PlyCount "120"]
[EventDate "2004.10.02"]
[EventType "swiss"]
[EventRounds "9"]
[EventCountry "ESP"]
[SourceTitle "EXT 2006"]
[Source "ChessBase"]
[SourceDate "2005.11.24"]
[SourceVersion "1"]
[SourceVersionDate "2005.11.24"]
[SourceQuality "1"]

1. d4 d5 2. c4 c6 3. Nc3 e5 4. cxd5 cxd5 5. e3 e4 6. Bb5+ Nc6 7. f4 Nf6 8. Nge2 Be7 9. a3 0-0 10. Ng3 Bg4 11. Be2 Bxe2 12. Qxe2 Na5 13. 0-0 Rc8 14. Bd2 Nc4 15. Nd1 Qd7 16. Bc3 b5 17. Nh5 Nxh5 18. Qxh5 f5 19. h3 Rc6 20. Qe2 a5 21. Qe1 Ra8 22. Kh2 Rb6 23. Rf2 Rba6 24. Rc2 Qb7 25. Qe2 b4 26. axb4 axb4 27. Rxa6 Rxa6 28. Be1 Ra1 29. b3 Na3 30. Ra2 Rxa2 31. Qxa2 Qb5 32. Qd2 Qc6 33. Nb2 Nc2 34. Na4 g6 35. Nc5 Nxe1 36. Qxe1 Bxc5 37. Qc1 Kf7 38. dxc5 Ke6 39. Qa1 Qxc5 40. Qe5+ Kd7 41. Qg7+ Qe7 42. Qd4 Kc6 43. Qh8 Kb7 44. Qd4 Qd6 45. Qg7+ Kb6 46. Kg3 Qc5 47. Qd4 Qxd4 48. exd4 Kc6 49. Kf2 Kd6 50. Ke3 Ke6 51. Kf2 Kf6 52. g3 g5 53. Ke3 Kg6 54. Ke2 gxf4 55. gxf4 Kh5 56. Kf2 Kh4 57. Kg2 h5 58. Kh2 e3 59. Kg2 e2 60. Kf3 e1Q 0-1